La tierra labrantía y el trabajo agrícola en las provincias de Sevilla y Zaragoza : (Record no. 166308)

MARC details
000 -LEADER
campo de control de longitud fija 01642nam a22003015i 4500
001 - NÚMERO DE CONTROL
campo de control 166308
003 - IDENTIFICADOR DE NÚMERO DE CONTROL
campo de control ES-MaACL
005 - FECHA Y HORA DE LA ÚLTIMA TRANSACCIÓN
campo de control 20260210163214.0
008 - DATOS DE LONGITUD FIJA--INFORMACIÓN GENERAL
campo de control de longitud fija 991119s1897 sp |||| | spa d
080 ## - NÚMERO DE LA CLASIFICACIÓN DECIMAL UNIVERSAL
Número de la Clasificación Decimal Universal 338.43(460)"18"
245 03 - MENCIÓN DEL TÍTULO
Título La tierra labrantía y el trabajo agrícola en las provincias de Sevilla y Zaragoza :
Resto del título [memorias].
260 ## - PUBLICACIÓN, DISTRIBUCIÓN, ETC.
Lugar de publicación, distribución, etc. Madrid :
Nombre del editor, distribuidor, etc. [s.n.],
Fecha de publicación, distribución, etc. 1897 (
Fabricante Tipolitografía de Raoul Péant)
300 ## - DESCRIPCIÓN FÍSICA
Extensión 160, 150 p. ;
Dimensiones 27 cm.
505 8# - NOTA DE CONTENIDO CON FORMATO
Nota de contenido con formato Contiene, con port. propia: La tierra labrantía y el trabajo agrícola en la provincia de Sevilla / memoria redactada... Eduardo Noriega y Abascal (160 p.) ; La tierra labrantía y el trabajo agrícola en la provincia de Zaragoza / memoria redactada... Julián Rivera y Casanova (150 p.)
530 ## - NOTA DISPONIBLE DE FORMULARIO FÍSICO ADICIONAL
Nota de formato físico adicional disponible Disponible en formato digital.
594 ## - Nota al título y mención de responsabilidad
Nota al título y mención de responsabilidad Precede al tít.: Dirección General de Agricultura, Industria y Comercio. Cuerpo de Ingenieros Agrónomos
594 ## - Nota al título y mención de responsabilidad
Nota al título y mención de responsabilidad Tit. tomado de la cub. original
650 #4 - PUNTO DE ACCESO ADICIONAL DE MATERIA--TÉRMINO DE MATERIA
Término de materia o nombre geográfico como elemento de entrada Agricultura-
Subdivisión geográfica España-
Subdivisión cronológica S.XIX
9 (RLIN) 9682
700 1# - ENTRADA AGREGADA--NOMBRE PERSONAL
Nombre de persona Noriega Abascal, Eduardo.
9 (RLIN) 176128
700 1# - ENTRADA AGREGADA--NOMBRE PERSONAL
Nombre de persona Rivera y Casanova, Julián.
9 (RLIN) 131865
710 1# - ENTRADA AGREGADA--NOMBRE DE ENTIDAD CORPORATIVA
Nombre de entidad corporativa o nombre de jurisdicción como elemento de entrada España.
Unidad subordinada Dirección General de Agricultura, Industria y Comercio.
9 (RLIN) 3869
710 2# - ENTRADA AGREGADA--NOMBRE DE ENTIDAD CORPORATIVA
Nombre de entidad corporativa o nombre de jurisdicción como elemento de entrada Cuerpo de Ingenieros Agrónomos (España)
9 (RLIN) 143803
740 32 - ENTRADA AGREGADA--TÍTULO RELACIONADO/ANALÍTICO NO CONTROLADO
Título relacionado o analítico no controlado La tierra labrantía y el trabajo agrícola en la provincia de Sevilla.
740 32 - ENTRADA AGREGADA--TÍTULO RELACIONADO/ANALÍTICO NO CONTROLADO
Título relacionado o analítico no controlado La tierra labrantía y el trabajo agrícola en la provincia de Zaragoza.
852 4# - LOCALIZACIÓN
Ubicación ES-MaACL
Número de control de estantería G-6184
Nota libre - Enc. hol.
856 4# - LOCALIZACIÓN Y ACCESO ELECTRÓNICOS
Identificador Uniforme de Recursos <a href="http://bdh-rd.bne.es/viewer.vm?id=0000238560&page=1 ">http://bdh-rd.bne.es/viewer.vm?id=0000238560&page=1 </a>
Nota pública Biblioteca Digital Hispánica
Holdings
Estatus retirado Estado de pérdida Estado de daño No para préstamo Colección Biblioteca de origen Biblioteca actual Ubicación en estantería Fecha de adquisición Fuente de adquisición Total de préstamos Signatura topográfica completa Código de barras Visto por última vez Precio de reemplazo Tipo de ítem Koha
        Colección digital Biblioteca del Ateneo de Madrid Biblioteca del Ateneo de Madrid Depósito 2 17/01/2008     G-6184 1174413 23/02/2023 23/02/2023 Libro impreso antiguo